Statistics for Dutch - animals: hard

Click here to take the quiz!

General Stats

  • This quiz has been taken 37 times
  • The average score is 16 of 24

Answer Stats

HintAnswer% Correct
lionleeuw
94%
rabbitkonijn
87%
owluil
87%
sheepschaap
87%
sharkhaai
84%
squirreleekhoorn
81%
rhinoneushoorn
81%
turkeykalkoen
77%
penguinpinguïn
74%
turtleschildpad
74%
batvleermuis
71%
squidinktvis
71%
parrotpapegaai
68%
hipponijlpaard
65%
seagullmeeuw
65%
starfishzeester
61%
guinea pigcavia
58%
raccoonwasbeer
55%
sealzeehond
55%
peacockpauw
48%
kangarookangoeroe
48%
eagleadelaar
48%
vulturegier
45%
tarantulavogelspin
45%

Score Distribution

Percentile by Number Answered

Percent of People with Each Score

Your Score History

You have not taken this quiz